DC Comics: Characters beginning w/ E-G Quiz Stats

 Plays Quiz not verified by Sporcle

Challenge
Share
Tweet
Embed
Score 0/62 Timer 08:00
0 Plays Today
True Identity or Hint E, F & G Characters % Correct
Hal JordanGreen Lantern
100%
Al ScottGreen Lantern
100%
John StewartGreen Lantern
100%
KilowogGreen Lantern
100%
ArisiaGreen Lantern
100%
SalaakGreen Lantern
100%
Tomar ReGreen Lantern
100%
Katma TuiGreen Lantern
100%
Abin SurGreen Lantern
100%
Soranik NatuGreen Lantern
100%
Green ManGreen Lantern
100%
Tomar TuGreen Lantern
100%
BrikGreen Lantern
100%
Ch'pGreen Lantern
100%
StelGreen Lantern
100%
Wally WestFlash
99.3%
Barry AllenFlash
99.3%
Jay GarrickFlash
99.3%
Oliver QueenGreen Arrow
99.3%
Intelligent telepathic gorillaGorilla Grodd
92.4%
Beatriz da CostaFire
91.7%
Ralph DibnyElongated Man
87.4%
Ronnie RaymondFirestorm
87.4%
Jason RuschFirestorm
87.4%
Professor Martin SteinFirestorm
87.4%
Jason BloodEtrigan the Demon
85.8%
Police in Batman's cityGotham City Police
84.2%
Immortal race on OaGuardians of the Universe
81.2%
Jim Harper cloneGuardian
75.2%
Metal Men memberGold
70.5%
Phantom Zone criminalGeneral Dru-Zod
68.5%
True Identity or Hint E, F & G Characters % Correct
MogoGreen Lantern
66.9%
Isamot KolGreen Lantern
66.9%
HannuGreen Lantern
66.9%
Brion MarkovGeo-Force
63.2%
Rita FarrElasti-Girl
60.9%
Wade EilingThe General
60.9%
Female Furies leaderGranny Goodness
59.6%
Garfield LynsFirefly
58.6%
Immortal evil sorcererFelix Faust
57.6%
Jim HarperGuardian
57%
June MooneEnchantress
55.6%
Guardian of the UniverseGanthet
55.3%
Friend of Wonder WomanEtta Candy
50.7%
Hippolyta Trevor-HallFury
48.3%
Lorraine ReillyFirehawk
45%
Metropolis genius scientistEmil Hamilton
42.1%
Jan ArrahElement Lad
38.7%
Justice League Dark memberFrankenstein's Monster
37.7%
Cynthia Reynolds/MordethGypsy
36.4%
Doris ZuelGiganta
36.4%
Built the Fortress of SolitudeEradicator
32.1%
Powerful cosmic entityEclipso Entity
31.5%
Andrew NolanFerro Lad
29.5%
Hans von HammerEnemy Ace
27.8%
Adoptive father of SupergirlFred Danvers
26.5%
Jose DelgadoGangbuster
24.8%
Dannette ReillyFirebrand
23.5%
Daughter of a Bana AmazonGrace Choi
16.2%
SayraEmerald Empress
15.6%
Ti'julk Mr'aszGates
14.6%
The Losers memberGunner
12.9%

You're not logged in!

Compare scores with friends on all Sporcle quizzes.
Join for Free
OR
Log In

You Might Also Like...

Show Comments

Extras

Top Quizzes Today


Score Distribution

Your Account Isn't Verified!

In order to create a playlist on Sporcle, you need to verify the email address you used during registration. Go to your Sporcle Settings to finish the process.

Report this User

Report this user for behavior that violates our Community Guidelines.

Details: